000 00542nam a22001697a 4500
005 20251108164242.0
008 250721s1995 xx 000 0 ara d
082 1 4 _a350/أعر
100 1 _aالأعرجي، عاصم
245 1 0 _aدراسات معاصرة في التطوير الإداري :
_bمنظور تطبيقي /
264 1 _aعمان :
_bدار الفكر للنشر والتوزيع،
_c1995.
300 _a354ص.3
650 1 7 _aالإدارة العامة
650 1 7 _aالموظفون
942 _2ddc
_cBK
999 _c7509
_d7509